|
|
|
|
| LEADER |
00903nam a2200229 a 4500 |
| 008 |
090830s1976 nyua j 000 1 eng d |
| 020 |
|
|
|a 0834810352(v. 4)
|
| 040 |
|
|
|a DLC
|c DLC
|d DLC
|
| 082 |
0 |
0 |
|a 398.2/095
|2 18
|
| 245 |
0 |
0 |
|a Folk tales from Asia for children everywhere /
|c Asian Cultural Centre for Unesco.
|
| 260 |
|
|
|a New York :
|b Weatherhill,
|c 1976
|
| 300 |
|
|
|a 59 p. :
|b col. illus. ;
|c 25 cm.
|
| 362 |
0 |
|
|a Vol. 4
|
| 490 |
0 |
|
|a Asian copublication programme series
|
| 500 |
|
|
|a "Sponsored by the Asian Cultural Centre for Unesco."
|
| 541 |
1 |
|
|e 00002640
|
| 650 |
|
0 |
|a Tales
|z Asia.
|
| 650 |
|
1 |
|a Folklore
|z Asia.
|
| 710 |
2 |
|
|a Asian Cultural Centre for Unesco.
|
| 852 |
4 |
|
|a Ayesha Abed Library
|j General shelf
|
| 999 |
|
|
|c 3449
|d 3449
|
| 952 |
|
|
|0 0
|1 0
|2 ddc
|4 0
|6 398_209500000000000_FOL_1976
|7 0
|9 3132
|a BRACUL
|b BRACUL
|c GEN
|d 2009-09-01
|g 611.00
|l 0
|o 398.2095 FOL
|p 3010002640
|r 2009-09-01
|t 1
|v 1222.00
|w 2009-09-01
|y BK
|